KOHA-Header-6

Object Oriented Programming in Pascal (Record no. 6466)

000 -LEADER
fixed length control field 00277nam a2200109Ia 4500
100 ## - MAIN ENTRY--AUTHOR NAME
Personal name Conner, Niguidula,
245 #0 - TITLE STATEMENT
Title Object Oriented Programming in Pascal
260 ## - PUBLICATION, DISTRIBUTION, ETC. (IMPRINT)
Place of publication USA
Name of publisher Famous Books
Year of publication 1995
300 ## - PHYSICAL DESCRIPTION
Number of Pages 616
942 ## - ADDED ENTRY ELEMENTS (KOHA)
Koha item type Books
Holdings
Withdrawn status Lost status Permanent Location Current Location Date acquired Full call number Accession Number Koha item type
    MAJU MAJU 2019-09-07 004.4 518 Books

Powered by Koha